| 000 | 00487nam a2200145 a 4500 | ||
|---|---|---|---|
| 001 | 1582 | ||
| 003 | CDMR | ||
| 005 | 20130426095402.0 | ||
| 008 | 130130s1935||||||||||||||||||||||||||||d | ||
| 040 |
_aCDMR _bcat _cCDMR |
||
| 110 | 2 |
_91187 _aAsociación Española de la Prensa Técnica y Profesional |
|
| 245 | 1 | 0 | _aI Anuario de la Asociación Española de la Prensa Técnica y Profesional |
| 260 |
_aBarcelona _c1935 _bAsociación Española de la Prensa Técnica y Profesional |
||
| 942 |
_cMON _2ddc |
||
| 999 |
_c1582 _d1582 |
||